| 000 | 00867cab a2200265 4500 | ||
|---|---|---|---|
| 001 | WB3511-42 | ||
| 008 | 090401t1999 xxu||||| |||| 00| 0 eng d | ||
| 035 | _a(Sirsi) u92182 | ||
| 041 | _aeng | ||
| 245 | _aHomes for sale, compulsory bells included | ||
| 260 | _c1999 | ||
| 350 | _a0 | ||
| 490 |
_aDaily Telegraph _v17 March 1999, 3 |
||
| 490 |
_aYorkshire Post _v17 March 1999, 5 |
||
| 490 |
_aWestern Morning News _v16 March 1999, 3(2) |
||
| 520 | _aPurchasers of homes in Thurlestone, Devon, are being asked to sign an undertaking not to complain about the sound of the local church bells. This is thought to be the first legal move of its kind. | ||
| 650 | _aCHURCH BELLS | ||
| 650 | _aCOMPLAINTS | ||
| 650 | _aDEVON | ||
| 650 | _aHOMEBUYERS | ||
| 650 | _aTHURLESTON | ||
| 690 | _aPROPERTY LAW AND PRACTICE | ||
| 942 | _n0 | ||
| 948 | _c17/03/1999 | ||
| 999 |
_c58445 _d58445 |
||